| 000 | 00492nam a2200169Ia 4500 | ||
|---|---|---|---|
| 008 | 180921t2014 xxu||||| |||| 00| 0 sin d | ||
| 041 | _asin | ||
| 080 |
_a294.3 _bABH |
||
| 100 |
_aA.P.De Soysa _etr. |
||
| 245 | _aඅභීධර්ම පිටක 6 : පට්ඨානප්පකරණය 2 | ||
| 246 | _aAbhidharma Pitaka 6 : Pattanappakaranaya 2 | ||
| 260 |
_bGodage _aColombo _c2014 |
||
| 300 | _b958p, 21cm | ||
| 942 | _cBK | ||
| 999 |
_c139 _d139 |
||
| 003 | LK-CoDNM | ||
| 040 |
_aLK-CoDNM _dLK-CoDNM _eLK-CoDNM |
||